la muerte de Jacobo Arbenz /
Збережено в:
| Автор: | |
|---|---|
| Формат: | Текст |
| Теги: |
Додати тег
Немає тегів, Будьте першим, хто поставить тег для цього запису!
|
MARC
| LEADER | 00000 a a2200000 04500 | ||
|---|---|---|---|
| 001 | 45478 | ||
| 003 | |||
| 040 | |||
| 090 | |a REV0780 (42)2004 | ||
| 100 | |a Castro, Julio | ||
| 245 | |a la muerte de Jacobo Arbenz / |c Julio Castro | ||
| 773 | |g número42, VI Epoca (2004), páginas 192-193 | ||
| 999 | |c 27925 |d 27925 | ||
